000 00905nam0a22002651 4500
001 RU\NLR\INFOCOMM_253\5000057367
005 20250613101649.0
035 _a(NLR Aleph) 009386750
090 _a8017051
_c8017051
100 _a20110122d1951 |||y0rusy50 ca
101 0 _aeng
102 _aRU
105 _ay ||||000|y
200 1 _aStatement by A. Gromyko at the Preliminary conference of foreign ministers' deputies of the four powers, June 21, 1951
210 _a[М.
_d1951]
215 _a8 с.
_d26 см
311 _a"Suppl. to New Times No. 26, June 27, 1951"
422 0 _12001#$aNew Times$vNo. 26, June 27, 1951
_tNew Times
686 _aИр4828
_2rubbk
700 1 _4070
_7ba
_8rus
_aGromyko
_bA. A.
_f1909-1989
_gAndrej Andreevič
_92648290
_3RU\NLR\AUTH\770276323
801 1 _aRU
_bNLR
_c20110122
801 0 _aRU
_bNLR
_gPSBO
852 _aNLR
_jИр51 Г-8/15
_y2 экз.
942 _cBOOK
980 _aNB